LIBRARY & INFORMATION CENTRE, KCAET, TAVANUR

ONLINE PUBLIC ACCESS CATALOGUE (OPAC)

Avante thalakkoru sammanam / (Record no. 6545)

MARC details
000 -LEADER
fixed length control field 00417cam a2200169ua 4500
041 ## - LANGUAGE CODE
Language code of text/sound track or separate title mal
082 ## - DEWEY DECIMAL CLASSIFICATION NUMBER
Classification number 894.812308
Item number SEG/AV
100 ## - MAIN ENTRY--AUTHOR NAME
Personal name Seghers, Anna .
245 ## - TITLE STATEMENT
Title Avante thalakkoru sammanam /
260 ## - PUBLICATION, DISTRIBUTION, ETC. (IMPRINT)
Place of publication Eranakulam :
Name of publisher C I C C Book House ,
Year of publication 1961.
300 ## - PHYSICAL DESCRIPTION
Number of Pages 299 ; .
942 ## - ADDED ENTRY ELEMENTS (KOHA)
Koha item type Books
Holdings
Withdrawn status Lost status Damaged status Home library Current library Date acquired Cost, normal purchase price Full call number Accession Number Koha item type
Withdrawn     KAUAET KAUAET 07/04/2012 3.00 894.812308 1042 Books
free website counter